|
|
|
|
| LEADER |
00000naa2a2200000 4500 |
| 001 |
429012 |
| 005 |
20231101074906.0 |
| 035 |
|
|
|a (RuTPU)RU\TPU\prd\88690
|
| 035 |
|
|
|a RU\TPU\prd\48770
|
| 090 |
|
|
|a 429012
|
| 100 |
|
|
|a 20101025a2006 k y0rusy50 ca
|
| 101 |
0 |
|
|a rus
|
| 102 |
|
|
|a RU
|
| 200 |
1 |
|
|a Анализ с позиций кинетической теории разрушения результатов акустико-эмиссионного контроля при перегрузочном испытании
|f В. А. Петров
|
| 225 |
1 |
|
|a Акустические методы
|
| 320 |
|
|
|a Библиогр.: 5 назв.
|
| 461 |
|
0 |
|0 (RuTPU)RU\TPU\prd\151
|x 0130-3082
|t Дефектоскопия
|d 1965-
|
| 463 |
|
0 |
|0 (RuTPU)RU\TPU\prd\88685
|t № 11
|v С. 48-53
|d 2006
|
| 610 |
1 |
|
|a конструкции
|
| 610 |
1 |
|
|a дефекты
|
| 610 |
1 |
|
|a запас прочности
|
| 610 |
1 |
|
|a ресурс
|
| 610 |
1 |
|
|a оценивание
|
| 610 |
1 |
|
|a акустико-эмиссионный контроль
|
| 610 |
1 |
|
|a перегрузочные испытания
|
| 610 |
1 |
|
|a кинетическая теория
|
| 610 |
1 |
|
|a разрушение
|
| 610 |
1 |
|
|a накопление повреждений
|
| 610 |
1 |
|
|a трещины
|
| 610 |
1 |
|
|a рабочие температуры
|
| 610 |
1 |
|
|a высокие температуры
|
| 675 |
|
|
|a 620.179.17
|v 3
|
| 700 |
|
1 |
|a Петров
|b В. А.
|
| 801 |
|
1 |
|a RU
|b 63413507
|c 20070119
|g PSBO
|
| 801 |
|
2 |
|a RU
|b 63413507
|c 20140205
|g RCR
|
| 942 |
|
|
|c BK
|